Destinations from Dresden Airport (DRS) - Statistics

General Stats
  • This quiz has been taken 75 times
  • The average score is 14 of 20
Answer Stats
Country Airlines Destinations % Correct
Germany Lufthansa Munich / MUC
95%
Netherlands KLM Amsterdam / AMS
92%
Germany Air Dolomiti,Lufthansa Frankfurt / FRA
92%
UK Ryanair London Stansted / STN
92%
Greece SundAir Rhodes / RHO
92%
Switzerland Swiss Zurich / ZRH
91%
Germany Eurowings Dusseldorf / DUS
81%
Spain Eurowings,Ryanair, SundAir Palma de Mallorca / PMI
81%
Turkey Corendon,SundAir, Tailwind Antalya / AYT
80%
Greece SmartLynx,SundAir Heraklion / HER
78%
Italy Smartwings Naples / NAP
70%
Bulgaria SundAir Varna / VAR
70%
Egypt SundAir Hurghada / HRG
69%
Italy Smartwings Palermo / PMO
69%
Bulgaria European Air Charter Burgas / BOJ
59%
Greece SundAir Corfu / CFU
58%
Hungary SundAir Debrecen / DEB
52%
Greece SundAir Kos / KGS
52%
Italy Smartwings Olbia / OLB
33%
Hungary SundAir Sarmellek / SOB
3%
No matching quizzes found
Score Distribution
Percent of People with Each Score
Percentile by Number Answered
Your Score History
You have not taken this quiz